| 000 | 00625nam a2200205 a 4500 | ||
|---|---|---|---|
| 005 | 20231101063630.0 | ||
| 008 | 991125s1992 mx 000 0 spa u | ||
| 020 | _a9683618677 | ||
| 035 | _aUPN01000040578 | ||
| 049 | _aCG | ||
| 050 | 4 |
_aPQ7297 P8 _bM8.2 1992 |
|
| 100 | 1 |
_aPrieto, Guillermo, _d1818-1897 |
|
| 245 | 1 | 0 |
_aMusa callejera / _cGuillermo Prieto ; pról. y selec. Francisco Monterde |
| 260 |
_aMéxico : _bUNAM, Coordinación de Humanidades, _c1992 |
||
| 300 | _a190 p | ||
| 440 | 0 |
_aBiblioteca del estudiante universitario; _v17 |
|
| 650 | 4 |
_aPoesía mexicana _91273 |
|
| 904 |
_aAC _b040580 |
||
| 905 | _aLibro | ||
| 999 |
_c40578 _d40578 |
||